| 000 | 00618nam a22001817a 4500 | ||
|---|---|---|---|
| 003 | koha_MIRAKIL | ||
| 005 | 20250528124550.0 | ||
| 008 | 250528b tur||||| |||| 00| 0 tur d | ||
| 020 | _a9786058483415 | ||
| 040 |
_aTR-IsEVY _btur _cTR-IsEVY |
||
| 082 | _a152.47 GEI/Ö | ||
| 100 | _aGeisler, Dagmar | ||
| 245 | 0 |
_aÖfkemle nasıl başa çıkabilirim ? : _b5 yaş ve üstü çocuklar için sosyal-duygusal gelişim / _cDagmar Geisler. |
|
| 260 |
_aİstanbul : _bGergedan Yayınları , _c2016. |
||
| 300 |
_a26 s. : _brenkli resimli ; _c25 cm. |
||
| 650 |
_aPsikoloji. _vDuygular. _vÖfke Kontrolü. |
||
| 942 |
_2ddc _cBK |
||
| 999 |
_c22364 _d22364 |
||